LIBRARY ONLINE CATALOGUE

Electronic principles. (Record no. 6933)

MARC details
000 -LEADER
fixed length control field 00594cam a22002172 4500
001 - CONTROL NUMBER
control field 0000005234
005 - DATE AND TIME OF LATEST TRANSACTION
control field 20151217151957.0
008 - FIXED-LENGTH DATA ELEMENTS--GENERAL INFORMATION
fixed length control field 070608s xx 000 0 eng d
020 ## - INTERNATIONAL STANDARD BOOK NUMBER
International Standard Book Number 0071156044 :
Terms of availability KES 3,396
040 ## - CATALOGING SOURCE
Original cataloging agency KABU
Transcribing agency KABU
050 #0 - LIBRARY OF CONGRESS CALL NUMBER
Classification number TK7816
Item number .M35 1999
100 1# - MAIN ENTRY--PERSONAL NAME
Personal name Malvino, Albert Paul.
-- 0000148513
245 10 - TITLE STATEMENT
Title Electronic principles.
250 ## - EDITION STATEMENT
Edition statement 6th ed.
260 ## - PUBLICATION, DISTRIBUTION, ETC. (IMPRINT)
Place of publication, distribution, etc. New York :
Name of publisher, distributor, etc. McGraw-Hill,
Date of publication, distribution, etc. 1999.
300 ## - PHYSICAL DESCRIPTION
Extent xi, 1012 p.
650 #0 - SUBJECT ADDED ENTRY--TOPICAL TERM
Topical term or geographic name as entry element Electronics.
-- 0000010711
908 ## - PUT COMMAND PARAMETER (RLIN)
Put command parameter 070608
950 ## - LOCAL HOLDINGS (RLIN)
-- 1
Holdings
Withdrawn status Lost status Source of classification or shelving scheme Not for loan Home library Current library Date acquired Total Checkouts Full call number Barcode Date last seen Date last checked out Price effective from Koha item type
    Library of Congress Classification   Kabarak, Main Campus Kabarak, Main Campus 17/12/2015 7 TK7816 .M35 1999 008267 29/05/2019 23/05/2019 17/12/2015 General Collection